Household Income and Financial Decision-Making Analysis in Regions of Slovakia

Saved in:
Bibliographic Details
Main Author: Petrenko, Yuliya, 1985-
Other Authors: Boór, Matej, 1988-
Format: Book Chapter
Language:English
Subjects:
Tags: Add Tag
No Tags, Be the first to tag this record!

MARC

LEADER 00000naa$a2200000$$$4500
001 0300543
005 20240603081829.8
041 0 |a eng 
044 |a TR 
245 1 0 |a Household Income and Financial Decision-Making Analysis in Regions of Slovakia  |c Yuliya Petrenko, Matej Boór 
500 |a abstrakt 
610 2 0 |a príjmy domácností 
610 2 0 |a rozhodovanie finančné 
610 2 0 |a vklady 
610 2 0 |a účty bankové 
610 2 0 |a regióny 
100 1 |a Petrenko, Yuliya, 1985- 
700 1 |a Boór, Matej, 1988-